| 000 | 00434nam a2200157 i 4500 | ||
|---|---|---|---|
| 001 | 52046 | ||
| 003 | ES-MaACL | ||
| 005 | 20230906162511.0 | ||
| 007 | t| | ||
| 008 | 030825s1911 fr ||||1| fre d | ||
| 100 | 1 |
_aChoay, E. _938578 |
|
| 245 | 1 | 4 |
_aDes extraist opothérapiques _b: activités diastasiques / _cE. Choay. |
| 260 |
_aParis : _bVigot Frères, _c1911. |
||
| 300 |
_aVIII, 174 p. ; _c25 cm. |
||
| 852 |
_aES-MaACL _jB-12681 |
||
| 999 |
_c52046 _d52046 |
||